[Event "Kaspersky op U16"]
[Site "Tornelo INT"]
[Date "2021.04.02"]
[Round "11"]
[White "Dziarkach, Aliaksandr"]
[Black "Smirnov, Mark"]
[Result "1-0"]
[WhiteElo "1459"]
[BlackElo "1482"]
[PlyCount "91"]
[EventDate "2021.04.02"]
[EventType "swiss (blitz)"]
[EventRounds "11"]
[EventCountry "RUS"]
[SourceTitle "CBM 201 Extra"]
[Source "ChessBase"]
[SourceDate "2021.05.31"]
[SourceVersion "1"]
[SourceVersionDate "2021.05.31"]
[SourceQuality "1"]

1. d4 Nf6 2. Nf3 e6 3. Bf4 c5 4. c3 Nc6 5. e3 d5 6. Nbd2 Bd6 7. Bg3 Bxg3 8. hxg3 cxd4 9. exd4 0-0 10. Bd3 Re8 11. Qe2 g6 12. Ne5 Bd7 13. Qe3 Qc7 14. f4 b5 15. a3 a5 16. Bxb5 Rab8 17. a4 Na7 18. Bxd7 Nxd7 19. Qd3 Nxe5 20. fxe5 Rxb2 21. Qe3 Rc2 22. Qh6 f5 23. exf6 Rxc3 24. 0-0 Rf8 25. Rab1 Nc6 26. Nf3 Rxf6 27. Ng5 Qg7 28. Qxg7+ Kxg7 29. Rb7+ Kh6 30. Rxf6 Kxg5 31. Rxe6 Nxd4 32. Re5+ Nf5 33. Rxd5 Rxg3 34. Rxa5 h5 35. Rab5 h4 36. Kh2 Kg4 37. Rb3 Ne3 38. R7b4+ Kg5 39. Rb2 Ng4+ 40. Kg1 h3 41. R4b3 h2+ 42. Kh1 Kh4 43. Rxg3 Kxg3 44. a5 Ne3 45. Rb3 Kf2 46. Rxe3 1-0

[Event "Kaspersky op U16"]
[Site "Tornelo INT"]
[Date "2021.04.02"]
[Round "3"]
[White "Kalandadze, Mariam"]
[Black "Smirnov, Mark"]
[Result "0-1"]
[WhiteElo "1147"]
[BlackElo "1482"]
[PlyCount "80"]
[EventDate "2021.04.02"]
[EventType "swiss (blitz)"]
[EventRounds "11"]
[EventCountry "RUS"]
[SourceTitle "CBM 201 Extra"]
[Source "ChessBase"]
[SourceDate "2021.05.31"]
[SourceVersion "1"]
[SourceVersionDate "2021.05.31"]
[SourceQuality "1"]

1. d4 Nf6 2. c4 e6 3. Nf3 d6 4. Nc3 Nbd7 5. g3 b6 6. Bg2 Bb7 7. 0-0 Be7 8. Bd2 0-0 9. Qc2 c5 10. Nb5 a6 11. Nc3 cxd4 12. Nxd4 Bxg2 13. Kxg2 Rc8 14. b3 d5 15. cxd5 Nxd5 16. Qb2 Nxc3 17. Bxc3 Bf6 18. Rac1 Nc5 19. Nf3 Ne4 20. Bxf6 Qxf6 21. Qxf6 Nxf6 22. Rfd1 h6 23. Ne5 Rfd8 24. Rxd8+ Rxd8 25. Rc6 Rd2 26. Rxb6 Rxe2 27. Rb7 Rxe5 28. Rb6 a5 29. Kf1 Ne4 30. f4 Rd5 31. Rb8+ Kh7 32. Ke2 Nc3+ 33. Ke3 Nxa2 34. Ke4 Nb4 35. f5 exf5+ 36. Kf4 g5+ 37. Ke3 Rd3+ 38. Ke2 Rxb3 39. Kd2 a4 40. h3 a3 0-1

[Event "Kaspersky op U16"]
[Site "Tornelo INT"]
[Date "2021.04.02"]
[Round "8"]
[White "Smirnov, Mark"]
[Black "Danchanka, Zlata"]
[Result "1/2-1/2"]
[WhiteElo "1482"]
[BlackElo "1687"]
[PlyCount "74"]
[EventDate "2021.04.02"]
[EventType "swiss (blitz)"]
[EventRounds "11"]
[EventCountry "RUS"]
[SourceTitle "CBM 201 Extra"]
[Source "ChessBase"]
[SourceDate "2021.05.31"]
[SourceVersion "1"]
[SourceVersionDate "2021.05.31"]
[SourceQuality "1"]

1. e4 c5 2. Nf3 g6 3. d4 cxd4 4. Nxd4 Bg7 5. c4 Nc6 6. Be3 Nf6 7. Nc3 Ng4 8. Qxg4 Bxd4 9. Bxd4 Nxd4 10. Qd1 e5 11. Be2 0-0 12. 0-0 d6 13. Nd5 Be6 14. f4 Bxd5 15. cxd5 Qb6 16. Kh1 Qxb2 17. Bd3 Qa3 18. fxe5 dxe5 19. Rb1 b6 20. Qd2 Rac8 21. Rfc1 Rfd8 22. h3 h5 23. Bf1 Qg3 24. Rxc8 Rxc8 25. Rc1 Rxc1 26. Qxc1 Qf2 27. d6 Kg7 28. d7 Ne6 29. Bc4 Nf4 30. Qf1 Qd2 31. g3 Ne6 32. Bxe6 fxe6 33. Qb5 Qe1+ 34. Kh2 Qf2+ 35. Kh1 Qe1+ 36. Kh2 Qf2+ 37. Kh1 Qe1+ 1/2-1/2

[Event "Kaspersky op U16"]
[Site "Tornelo INT"]
[Date "2021.04.02"]
[Round "2"]
[White "Smirnov, Mark"]
[Black "Haurushyn, Stsiapan"]
[Result "0-1"]
[WhiteElo "1482"]
[BlackElo "1155"]
[PlyCount "138"]
[EventDate "2021.04.02"]
[EventType "swiss (blitz)"]
[EventRounds "11"]
[EventCountry "RUS"]
[SourceTitle "CBM 201 Extra"]
[Source "ChessBase"]
[SourceDate "2021.05.31"]
[SourceVersion "1"]
[SourceVersionDate "2021.05.31"]
[SourceQuality "1"]

1. e4 e5 2. Nf3 Nc6 3. d4 exd4 4. Bc4 d6 5. Nxd4 Nf6 6. Nc3 Be7 7. 0-0 0-0 8. Nxc6 bxc6 9. Be3 Re8 10. h3 Bf8 11. f3 d5 12. Bb3 Be6 13. exd5 cxd5 14. Bg5 c6 15. Re1 Bc5+ 16. Kh1 h6 17. Bh4 Be7 18. Qd2 Nh5 19. Bf2 Bh4 20. Rg1 Bg3 21. Bxg3 Nxg3+ 22. Kh2 Qd6 23. f4 Nh5 24. Raf1 Nf6 25. g3 Bd7 26. Re1 Rxe1 27. Rxe1 Re8 28. Rxe8+ Nxe8 29. Ne2 Qe6 30. g4 Nd6 31. Ng3 Ne4 32. Qe3 Nxg3 33. Qxe6 Nf1+ 34. Kg1 Bxe6 35. Kxf1 h5 36. f5 Bd7 37. Kg2 hxg4 38. hxg4 g6 39. fxg6 fxg6 40. Kg3 Kf7 41. c4 d4 42. Kf4 c5 43. Bc2 Kf6 44. g5+ Kf7 45. Ke5 Bf5 46. Bd1 Bd3 47. b3 Bb1 48. a3 d3 49. Kd5 Bc2 50. Bf3 Bxb3 51. Kxc5 d2 52. Kd6 d1Q+ 53. Bxd1 Bxd1 54. c5 Bf3 55. c6 Ke8 56. c7 Bb7 57. Ke6 Bc8+ 58. Kf6 Kd7 59. Kxg6 Bb7 60. Kf7 Bd5+ 61. Kf8 Kxc7 62. g6 Kb6 63. g7 Ka5 64. g8Q Bxg8 65. Kxg8 Ka4 66. Kf7 Kxa3 67. Ke6 a5 68. Kd5 Kb2 69. Kc4 a4 0-1